Once Inicial del Racing 2020-2026 - Estadísticas

Estadísticas generales
  • Esta prueba ha sido intentada 7 veces
  • La puntuación promedio es 37 de 77
Estadísticas de respuestas
Hint Respuesta % Correcto
DE🇪🇸 Andrés Martín
83%
DE🇪🇸 Andrés Martín
83%
DE🇪🇸 Andrés Martín
83%
DE🇪🇸 Iñigo Vicente
83%
DE🇪🇸 Iñigo Vicente
83%
DE🇪🇸 Iñigo Vicente
83%
DE🇪🇸 Iñigo Vicente
83%
PO🇪🇸 Jokin Ezkieta
83%
PO🇪🇸 Jokin Ezkieta
83%
PO🇪🇸 Jokin Ezkieta
83%
DF🇪🇸 Mario García
83%
DF🇪🇸 Saúl García
83%
DF🇪🇸 Álvaro Mantilla
67%
DF🇪🇸 Álvaro Mantilla
67%
DF🇪🇸 Álvaro Mantilla
67%
DF🇺🇾 Facu González
67%
MC🇸🇳 Maguette Gueye
67%
MC🇪🇸 Mario Ortiz
67%
PO🇪🇸 Miquel Parera
67%
PO🇪🇸 Miquel Parera
67%
MC🇪🇸 Pablo Rodríguez
67%
DF🇪🇸 Aitor Buñuel
50%
DF🇪🇸 Dani Fernández
50%
DF🇪🇸 Germán Sánchez
50%
MC🇨🇴 Gustavo Puerta
50%
DE🇪🇸 Jordi Mboula
50%
DE🇪🇸 Juan Carlos Arana
50%
DE🇪🇸 Juan Carlos Arana
50%
PO🇫🇷 Luca Zidane
50%
MC🇪🇸 Peio Canales
50%
MC🇪🇸 Peque Fernández
50%
MC🇪🇸 Riki Rodríguez
50%
DF🇪🇸 Rubén Alves
50%
DF🇪🇸 Alexis Ruano
33%
DE🇪🇸 Álvaro Bustos
33%
DE🇪🇸 Álvaro Bustos
33%
MC🇪🇸 Álvaro Cejudo
33%
MC🇪🇸 Aritz Aldasoro
33%
MC🇪🇸 Aritz Aldasoro
33%
MC🇪🇸 Aritz Aldasoro
33%
DF🇭🇷 Bernardo Matic
33%
DE🇳🇬 Cedric Omoigui
33%
DE🇳🇬 Cedric Omoigui
33%
DF🇫🇷 Clément Michelin
33%
DF🇪🇸 Diego Ceballos
33%
DF🇪🇸 Eneko Satrústegui
33%
DF🇪🇸 Eneko Satrústegui
33%
DE🇫🇷 Enzo Lombardo
33%
MC🇪🇸 Fausto Tienza
33%
DE🇬🇪 Giorgi Guliashvili
33%
DF🇪🇸 Iñaki Olaortua
33%
MC🇪🇸 Iñigo Sainz Maza
33%
MC🇪🇸 Iñigo Sainz Maza
33%
MC🇪🇸 Iñigo Sainz Maza
33%
MC🇪🇸 Iñigo Sainz Maza
33%
DF🇪🇸 Javi Castro
33%
DF🇪🇸 Javi Castro
33%
DF🇪🇸 Javi Montero
33%
DF🇪🇸 Jordi Figueras
33%
MC🇪🇸 Jorge Pombo
33%
DF🇪🇸 Jorge Salinas
33%
MC🇨🇴 Juergen Elitim
33%
DE🇫🇷 Karim Yoda
33%
PO🇪🇸 Lucas Díaz
33%
DF🇪🇸 Manu Hernando
33%
DF🇪🇸 Moi Delgado
33%
DF🇪🇸 Óscar Gil
33%
DF🇪🇸 Pablo Bobadilla
33%
MC🇪🇸 Pablo Torre
33%
MC🇪🇸 Pablo Torre
33%
DE🇨🇲 Patrick Soko
33%
DE🇨🇲 Patrick Soko
33%
DF🇪🇸 Pol Moreno
33%
DF🇪🇸 Pol Moreno
33%
MC🇪🇸 Sergio Ruiz
33%
DF🇪🇸 Unai Medina
33%
MC🇪🇸 Unai Vencedor
33%
No se encontraron pruebas coincidentes
Distribución de puntuación
Porcentaje de gente con cada puntuación
Porcentaje por número respondido
Historial de tus puntuaciones
No has intentado esta prueba.